MARC

LEADER 00000nam0a2200000 4500
001 85884
005 20231031101327.0
035 |a (RuTPU)RU\TPU\book\92263 
090 |a 85884 
100 |a 20051118d1967 km y0rusy50 ca 
101 0 |a rus 
102 |a RU 
105 |a a z 001zy 
200 1 |a Оптимальная коммутация машин постоянного тока  |f М. Ф. Карасев, В. П. Беляев, В. Н. Козлов, А. М. Трушков  |g Омский институт инженеров железнодорожного транспорта; под ред. М. Ф. Карасева 
210 |a Москва  |c Транспорт  |d 1967 
215 |a 180 с.  |c ил. 
320 |a Библиогр.: с. 175-177 
610 1 |a электрические машины 
610 1 |a машины постоянного тока 
610 1 |a коммутация 
610 1 |a щетки 
610 1 |a исследования 
675 |a 621.313.2  |v 3 
701 1 |a Карасев  |b М. Ф.  |g Михаил Федорович 
701 1 |a Беляев  |b В. П. 
701 1 |a Козлов  |b В. Н. 
701 1 |a Трушков  |b А. М. 
702 1 |a Карасев  |b М. Ф.  |4 340 
712 0 2 |a Омский институт инженеров железнодорожного транспорта 
801 1 |a RU  |b 63413507  |c 20051118  |g PSBO 
801 2 |a RU  |b 63413507  |c 20201022  |g PSBO 
942 |c BK